Jahan ara / (Record no. 44501)

MARC details
000 -LEADER
fixed length control field 01153njm a22002537a 4500
005 - DATE AND TIME OF LATEST TRANSACTION
control field 20100908135130.0
006 - FIXED-LENGTH DATA ELEMENTS--ADDITIONAL MATERIAL CHARACTERISTICS--GENERAL INFORMATION
fixed length control field a|||||r|||||00| 0
007 - PHYSICAL DESCRIPTION FIXED FIELD--GENERAL INFORMATION
fixed length control field sd ammalaaahaa
008 - FIXED-LENGTH DATA ELEMENTS--GENERAL INFORMATION
fixed length control field 100907t xxu||||| |||| 00| 0 eng d
028 ## - PUBLISHER NUMBER
Publisher number N 54523
Source His Master's Voice
035 ## - SYSTEM CONTROL NUMBER
System control number GR-01297
100 ## - MAIN ENTRY--PERSONAL NAME
Personal name Talat Mahmood
9 (RLIN) 18693
245 ## - TITLE STATEMENT
Title Jahan ara /
Statement of responsibility, etc by Talat Mahmood; music by Madan Mohan; lyrics by Rajinder Krishen
Medium [Sound recording]
246 ## - VARYING FORM OF TITLE
Title proper/short title जहाँ आरा / तलत महमूद द्वारा
260 ## - PUBLICATION, DISTRIBUTION, ETC. (IMPRINT)
Place of publication, distribution, etc Dum Dum, India
Name of publisher, distributor, etc His Master's Voice
300 ## - PHYSICAL DESCRIPTION
Extent 1 sound disc [Gramophone Recording]
Other physical details analog, 33 1/3rpm ;
Dimensions 9.5 in. (MP)
Type of unit Gramaphone Records
500 ## - GENERAL NOTE
General note Brief record
505 ## - FORMATTED CONTENTS NOTE
Formatted contents note Side-1 तेरी आँख के आंसू (Teri aankh ke aansu) (Talat Mahmood) --Side-2 किसी की याद में दुनिया (Kisi ki yaad main duniya) (Mohammad Rafi)
650 ## - SUBJECT ADDED ENTRY--TOPICAL TERM
Topical term or geographic name as entry element Classical music
General subdivision Excerpts
Geographic subdivision India
9 (RLIN) 18694
700 ## - ADDED ENTRY--PERSONAL NAME
Personal name Madan Mohan
9 (RLIN) 18695
700 ## - ADDED ENTRY--PERSONAL NAME
Personal name Rajinder Krishen
9 (RLIN) 18716
942 ## - ADDED ENTRY ELEMENTS (KOHA)
Source of classification or shelving scheme Dewey Decimal Classification
Item type Gramaphone Records
Holdings
Withdrawn status Lost status Source of classification or shelving scheme Damaged status Not for loan Collection code Home library Current library Date acquired Source of acquisition Total Checkouts Barcode Date last seen Copy number Price effective from Koha item type
    Dewey Decimal Classification   Not For Loan Non-fiction Central Library Central Library 08/09/2010 SED/VEN   GR-01297 08/09/2010 1 08/09/2010 Gramaphone Records

© Delhi Public Library
Hit Counter
free hit counter